| 000 | 00798nam a2200265 i 4500 | ||
|---|---|---|---|
| 001 | bgj | ||
| 100 | 1 | _aBURKART, Roland | |
| 245 | 1 | 0 |
_aKommunikationswissenschaft : _bGrundlagen und Problemfelder : Umrisse einer interdisciplinären Sozialwissenschaft / _cRoland Burkart. |
| 250 | _a4. überarbeitete und aktualiserte Auflage. | ||
| 260 |
_aWien : _bBöhlau Verlag, _cc. 2002. |
||
| 300 |
_a608 S. : _bIll. ; _c22 cm. |
||
| 490 | 1 |
_aUTB ; _v2259 |
|
| 504 | _aBibliographie S. 543-599. | ||
| 505 | _aRegister. | ||
| 650 | 9 | _aKommunikationswissenschaft | |
| 650 | 9 | _aMedienwirkungsforschung | |
| 655 | _aLehrbuch | ||
| 830 | _aUTB ; | ||
| 020 | _a3825222594 | ||
| 040 | _cBPK | ||
| 041 | 0 | _ager | |
| 920 | _a3-8252-2259-4 | ||
| 942 | _cKS | ||
| 008 | s gw f |000 0 ger | ||
| 999 |
_c49409 _d49409 |
||
| 856 |
_uhttp://koha.tu.koszalin.pl/cgi-bin/koha/opac-detail.pl?biblionumber=49409 _yKatalog online BPK |
||